| 000 | 01469nam a22003615a 4500 | ||
|---|---|---|---|
| 001 | ocn651073788 | ||
| 003 | EG-ScBUE | ||
| 005 | 20220904105932.0 | ||
| 008 | 100716s2010 enka f b 001 0 eng d | ||
| 020 | _a9780521180863 (pbk.) | ||
| 040 |
_aUKM _beng _erda _cUKM _dBWK _dBWX _dYDXCP _dUNL _dOCLCQ _dOCLCF _dEG-ScBUE |
||
| 041 | 1 |
_aeng _hger |
|
| 082 | 0 | 4 |
_a720.1 _222 _bSEM |
| 100 | 1 |
_aSemper, Gottfried, _d1803-1879, _eauthor. _938709 |
|
| 245 | 1 | 4 |
_aThe four elements of architecture and other writings / _cGottfried Semper ; translated by Harry Francis Mallgrave and Wolfgang Herrmann ; introduction by Harry Francis Mallgrave. |
| 264 | 1 |
_aCambridge : _bCambridge University Press, _c2010. |
|
| 300 |
_axx, 314 pages : _billustrations ; _c26 cm. |
||
| 336 |
_2rdacontent _atext _btxt |
||
| 337 |
_2rdamedia _aunmediated _bn |
||
| 338 |
_2rdacarrier _avolume _bnc |
||
| 490 | 0 | _aRes monographs in anthropology and aesthetics | |
| 500 | _aThis translation originally published : 1989. | ||
| 504 | _aIncludes bibliographical references and index. | ||
| 546 | _aText in English ; translated from the original German. | ||
| 650 | 7 |
_aArchitecture _xPhilosophy. _2BUEsh |
|
| 651 | _2BUEsh | ||
| 653 |
_bENGARC _cNovember2015 |
||
| 655 |
_vReading book _934232 |
||
| 700 | 1 |
_aMallgrave, Harry Francis, _etranslator. _911497 |
|
| 700 | 1 |
_aHerrmann, Wolfgang, _etranslator. |
|
| 700 | 1 |
_aMallgrave, Harry Francis, _eauthor of introduction, etc. _911497 |
|
| 942 |
_2ddc _cBB |
||
| 999 |
_c21031 _d21003 |
||